[Event "Titled Tuesday intern op 03rd Jan Late"]
[Site "Chess.com INT"]
[Date "2025.06.03"]
[Round "9"]
[White "Bok, Benjamin"]
[Black "Naroditsky, Daniel"]
[Result "0-1"]
[WhiteElo "2591"]
[BlackElo "2619"]
[PlyCount "106"]
[EventDate "2025.06.03"]
[EventType "swiss (blitz)"]
[EventRounds "11"]
[EventCountry "USA"]
[SourceTitle "CB24_2025"]
[SourceDate "2025.06.11"]
[SourceVersion "1"]
[SourceVersionDate "2025.06.11"]
[SourceQuality "1"]

1. d4 Nf6 2. c4 g6 3. g3 Bg7 4. Bg2 d6 5. Nc3 0-0 6. Nf3 c6 7. e4 e5 8. 0-0 Bg4 9. Be3 exd4 10. Bxd4 c5 11. Be3 Nc6 12. h3 Bxf3 13. Bxf3 Nd7 14. Bg2 Nde5 15. Qe2 Nd4 16. Bxd4 cxd4 17. Nd5 d3 18. Qd2 Nxc4 19. Qxd3 Nxb2 20. Qb3 b5 21. Rab1 Nc4 22. Rfd1 Qa5 23. Qxb5 Qxb5 24. Rxb5 Rab8 25. Rdb1 Rxb5 26. Rxb5 Re8 27. Rb7 a5 28. Bf1 Nd2 29. Bb5 Rd8 30. Bd3 Nf3+ 31. Kf1 Bd4 32. h4 Bc5 33. Ke2 Nd4+ 34. Kf1 Nf3 35. Bc2 Kg7 36. a4 Rc8 37. Bd3 Bd4 38. Ke2 Ng1+ 39. Kf1 Nh3 40. f4 Nf2 41. Ke2 Rc1 42. Nc7 Kh6 43. Nb5 Bc5 44. Rxf7 Kh5 45. Rxh7+ Kg4 46. e5 Ra1 47. Bxg6 Ra2+ 48. Ke1 Bb4+ 49. Kf1 Nh1 50. Bh5+ Kh3 51. Bf3 Rf2+ 52. Kg1 Rxf3 53. Rg7 Bc5+ 0-1

[Event "Titled Tuesday intern op 20th May Late"]
[Site "Chess.com INT"]
[Date "2025.05.20"]
[Round "11"]
[White "Naroditsky, Daniel"]
[Black "Baskakov, Egor"]
[Result "1-0"]
[WhiteElo "2619"]
[BlackElo "2215"]
[PlyCount "101"]
[EventDate "2025.05.20"]
[EventType "swiss (blitz)"]
[EventRounds "11"]
[EventCountry "USA"]
[SourceTitle "CB22_2025"]
[SourceDate "2025.05.28"]
[SourceVersion "1"]
[SourceVersionDate "2025.05.28"]
[SourceQuality "1"]

1. e4 c5 2. Nf3 Nf6 3. Nc3 d5 4. exd5 Nxd5 5. Bb5+ Bd7 6. Ne5 e6 7. Nxd7 Nxd7 8. Nxd5 exd5 9. 0-0 a6 10. Re1+ Be7 11. Bf1 0-0 12. d4 Bf6 13. dxc5 Nxc5 14. Qf3 Rc8 15. Rd1 d4 16. c3 Rc7 17. Bf4 Rd7 18. cxd4 Bxd4 19. Rac1 Ne6 20. Bg3 Bxb2 21. Rxd7 Qxd7 22. Rb1 Bf6 23. Qxb7 Qxb7 24. Rxb7 a5 25. Ra7 Bc3 26. h4 Rd8 27. Bc4 h6 28. a4 Rd1+ 29. Kh2 Rd4 30. Bb5 Re4 31. Ra8+ Kh7 32. Bd3 f5 33. Bxe4 fxe4 34. Rc8 Bb4 35. Rc4 Kg6 36. Rxe4 Kf5 37. Re5+ Kf6 38. Rb5 g5 39. h5 Kf7 40. Be5 Ke7 41. Rb7+ Ke8 42. Rb6 Kd7 43. g3 Bc5 44. Ra6 Bb4 45. Kg2 Nc5 46. Rxh6 Nxa4 47. Rg6 Nc5 48. h6 Nd3 49. Bd4 Ne1+ 50. Kh1 Nf3 51. Bf6 1-0

[Event "Titled Tuesday intern op 20th May Late"]
[Site "Chess.com INT"]
[Date "2025.05.20"]
[Round "5"]
[White "Naroditsky, Daniel"]
[Black "Deac, Bogdan Daniel"]
[Result "1-0"]
[WhiteElo "2619"]
[BlackElo "2668"]
[PlyCount "67"]
[EventDate "2025.05.20"]
[EventType "swiss (blitz)"]
[EventRounds "11"]
[EventCountry "USA"]
[SourceTitle "CB22_2025"]
[SourceDate "2025.05.28"]
[SourceVersion "1"]
[SourceVersionDate "2025.05.28"]
[SourceQuality "1"]

1. e4 e5 2. Nf3 Nf6 3. Nc3 Nc6 4. Nd5 d6 5. d4 Be7 6. Nxe7 Qxe7 7. d5 Nb8 8. Bd3 Nbd7 9. Be3 a5 10. c3 Nc5 11. Bc2 0-0 12. Nd2 Ng4 13. Bxc5 dxc5 14. h3 Nf6 15. Nc4 Ne8 16. Ne3 Nd6 17. g4 b5 18. a4 b4 19. cxb4 axb4 20. Bd3 Bd7 21. a5 c6 22. a6 cxd5 23. Nxd5 Qd8 24. Qc2 c4 25. Bxc4 Rc8 26. b3 Nxc4 27. bxc4 Bb5 28. c5 Ra8 29. a7 Qd7 30. c6 Rxa7 31. cxd7 Rxa1+ 32. Kd2 Rxh1 33. Ne7+ Kh8 34. Qc8 1-0

[Event "Titled Tuesday intern op 20th May Late"]
[Site "Chess.com INT"]
[Date "2025.05.20"]
[Round "2"]
[White "Naroditsky, Daniel"]
[Black "Stamatiou, Rodolfos"]
[Result "1-0"]
[WhiteElo "2619"]
[BlackElo "2269"]
[PlyCount "85"]
[EventDate "2025.05.20"]
[EventType "swiss (blitz)"]
[EventRounds "11"]
[EventCountry "USA"]
[SourceTitle "CB22_2025"]
[SourceDate "2025.05.28"]
[SourceVersion "1"]
[SourceVersionDate "2025.05.28"]
[SourceQuality "1"]

1. e4 c5 2. c3 Nf6 3. e5 Nd5 4. Nf3 Nc6 5. Bc4 Nb6 6. Bb3 c4 7. Bc2 g5 8. Nxg5 Nxe5 9. Qe2 d6 10. f4 Bg4 11. Qe3 Ng6 12. 0-0 Bg7 13. f5 Ne5 14. h3 Bh5 15. g4 Bxg4 16. hxg4 Nxg4 17. Qe4 Ne5 18. Nf3 Rg8 19. Kh1 Bf6 20. Nxe5 Bxe5 21. d4 cxd3 22. Bxd3 Nd7 23. Be3 a6 24. Nd2 Nf6 25. Qxb7 Rc8 26. Bxa6 Rb8 27. Bb5+ Kf8 28. Bh6+ Rg7 29. Qg2 Nh5 30. Bxg7+ Nxg7 31. f6 Nh5 32. Bc4 Ng3+ 33. Kg1 Qb6+ 34. Qf2 Nxf1 35. fxe7+ Kxe7 36. Qxb6 Rxb6 37. Nxf1 Rxb2 38. Ne3 Kd7 39. Nd5 f6 40. a4 Rc2 41. a5 Bxc3 42. Nxc3 Rxc3 43. a6 1-0

[Event "Chess.com Classic Play In"]
[Site "Chess.com INT"]
[Date "2025.05.19"]
[Round "7"]
[White "Aravindh, Chithambaram VR"]
[Black "Naroditsky, Daniel"]
[Result "0-1"]
[WhiteElo "2749"]
[BlackElo "2619"]
[PlyCount "68"]
[EventDate "2025.05.19"]
[EventType "swiss (blitz)"]
[EventRounds "9"]
[EventCountry "USA"]
[SourceTitle "CB21_2025"]
[SourceDate "2025.05.21"]
[SourceVersion "1"]
[SourceVersionDate "2025.05.21"]
[SourceQuality "1"]

1. e4 c5 2. Nf3 g6 3. c4 Bg7 4. d4 cxd4 5. Nxd4 Nc6 6. Be3 Qb6 7. Nb3 Qd8 8. Nc3 Bxc3+ 9. bxc3 Nf6 10. Bd3 d6 11. 0-0 Be6 12. Nd4 Ne5 13. f4 Nxd3 14. Qxd3 Qc8 15. Nxe6 Qxe6 16. Bd4 Rc8 17. Rae1 Qxc4 18. Qh3 0-0 19. e5 dxe5 20. fxe5 Nd5 21. Rf3 h5 22. Ref1 e6 23. g4 Nxc3 24. Bxc3 hxg4 25. Qh6 gxf3 26. Rxf3 Qg4+ 27. Kf2 Qxf3+ 28. Kxf3 Rxc3+ 29. Kg4 Rc5 30. Qf4 Rd8 31. h4 b5 32. Qf6 Rd4+ 33. Kf3 Rc3+ 34. Ke2 Rh3 0-1

[Event "Chess.com Classic Play In"]
[Site "Chess.com INT"]
[Date "2025.05.19"]
[Round "8"]
[White "Naroditsky, Daniel"]
[Black "Niemann, Hans Moke"]
[Result "1-0"]
[WhiteElo "2619"]
[BlackElo "2736"]
[PlyCount "81"]
[EventDate "2025.05.19"]
[EventType "swiss (blitz)"]
[EventRounds "9"]
[EventCountry "USA"]
[SourceTitle "CB21_2025"]
[SourceDate "2025.05.21"]
[SourceVersion "1"]
[SourceVersionDate "2025.05.21"]
[SourceQuality "1"]

1. e4 e5 2. Nf3 Nc6 3. Nc3 Nf6 4. Nd5 Be7 5. Bd3 d6 6. c3 Nxd5 7. exd5 Nb8 8. Bc2 f5 9. d4 e4 10. Ng5 0-0 11. h4 Qe8 12. Bf4 h6 13. Ne6 Bxe6 14. dxe6 d5 15. Bxc7 Nc6 16. Bf4 Qg6 17. Rh3 Qxg2 18. Rg3 Qh1+ 19. Ke2 Qxh4 20. Qd2 Qh5+ 21. Kf1 g5 22. Kg2 Qg6 23. Rh1 Qxe6 24. c4 Nb4 25. cxd5 Nxd5 26. Bb3 Rad8 27. Be5 f4 28. Rgh3 f3+ 29. Kg1 Qg4+ 30. Rg3 Qe6 31. Qc2 e3 32. fxe3 f2+ 33. Kg2 Qf7 34. Rf1 Bd6 35. Qe4 Bxe5 36. dxe5 Kg7 37. e6 Nf6 38. Qe5 Rde8 39. Rxf2 Qg6 40. e7 Rh8 41. Rgf3 1-0

[Event "Titled Tuesday intern op 06th May Early"]
[Site "Chess.com INT"]
[Date "2025.05.06"]
[Round "4"]
[White "Naroditsky, Daniel"]
[Black "Shearsby, Jude"]
[Result "1-0"]
[WhiteElo "2619"]
[BlackElo "2133"]
[PlyCount "97"]
[EventDate "2025.05.06"]
[EventType "swiss (blitz)"]
[EventRounds "11"]
[EventCountry "USA"]
[SourceTitle "CB20_2025"]
[SourceDate "2025.05.14"]
[SourceVersion "1"]
[SourceVersionDate "2025.05.14"]
[SourceQuality "1"]

1. d4 Nc6 2. d5 Ne5 3. e4 e6 4. Nc3 Nf6 5. f4 Ng6 6. dxe6 fxe6 7. h4 d6 8. h5 Ne7 9. Nf3 Nc6 10. Bc4 Be7 11. h6 g6 12. Ng5 d5 13. exd5 exd5 14. Nxd5 Bf5 15. 0-0 Qd6 16. Re1 0-0-0 17. Nxe7+ Qxe7 18. Bd3 Qb4 19. Bd2 Qxb2 20. Nf7 Ng4 21. Qf3 Nd4 22. Qg3 Nxc2 23. Nxd8 Rxd8 24. Bxc2 Rxd2 25. Re8+ Kd7 26. Rae1 Qd4+ 27. Kh1 Nf2+ 28. Kh2 Ng4+ 29. Kh3 Nf2+ 30. Kh4 Qf6+ 31. Qg5 Qxg5+ 32. Kxg5 Rxc2 33. R1e7+ Kc6 34. Rxh7 Ne4+ 35. Rxe4 Bxe4 36. g4 Rg2 37. Re7 Bf3 38. h7 Rxg4+ 39. Kh6 Rh4+ 40. Kg7 g5 41. fxg5 Kd6 42. Re3 Bd5 43. h8Q Rxh8 44. Kxh8 Bxa2 45. g6 c5 46. g7 b5 47. Ra3 Bd5 48. Rd3 c4 49. Rd1 1-0

[Event "Titled Tuesday intern op 06th May Early"]
[Site "Chess.com INT"]
[Date "2025.05.06"]
[Round "11"]
[White "Sarana, Alexey"]
[Black "Naroditsky, Daniel"]
[Result "1-0"]
[WhiteElo "2686"]
[BlackElo "2619"]
[PlyCount "143"]
[EventDate "2025.05.06"]
[EventType "swiss (blitz)"]
[EventRounds "11"]
[EventCountry "USA"]
[SourceTitle "CB20_2025"]
[SourceDate "2025.05.14"]
[SourceVersion "1"]
[SourceVersionDate "2025.05.14"]
[SourceQuality "1"]

1. d4 Nf6 2. c4 g6 3. Nc3 Bg7 4. e4 d6 5. Be2 0-0 6. Be3 Na6 7. Nf3 e5 8. d5 Nh5 9. Nd2 Nf4 10. Bf1 Nb4 11. Qb1 f5 12. a3 Nbd3+ 13. Bxd3 Nxg2+ 14. Kd1 f4 15. Bxa7 Rxa7 16. Nf3 g5 17. Rg1 g4 18. Rxg2 gxf3 19. Rg1 Qh4 20. Qc2 Qxh2 21. Re1 Bd7 22. Qd2 Bf6 23. Kc2 Bh4 24. Rg1+ Kh8 25. Raf1 Bh3 26. Rh1 Qg2 27. Rfg1 Bxf2 28. Rxg2 fxg2 29. Rd1 g1Q 30. Rxg1 Bxg1 31. Qe1 Be3 32. Qh4 Bg2 33. Qg5 Bf3 34. Nb5 Raa8 35. Nxc7 Rac8 36. Ne6 Rf7 37. b4 Rg8 38. Qh4 Rg2+ 39. Kb1 Rg1+ 40. Kb2 Rg4 41. Qh6 Rg6 42. Qh4 h6 43. c5 Rg2+ 44. Kc3 Rg6 45. cxd6 Bg4 46. Qd8+ Rg8 47. Qh4 Rg6 48. Qd8+ Rg8 49. Qh4 Kh7 50. d7 Rxd7 51. Nc5 Rf7 52. d6 Bd4+ 53. Kb3 f3 54. Bc4 f2 55. Bxf7 Bd1+ 56. Kc4 f1Q+ 57. Kd5 Rg7 58. Be6 Qf8 59. Bf5+ Kg8 60. Be6+ Kh7 61. Bf5+ Rg6 62. Qe7+ Qg7 63. Qxg7+ Kxg7 64. Bxg6 Bg4 65. Bf5 Bxf5 66. exf5 Kf7 67. Ne6 Bb6 68. Kxe5 h5 69. Kf4 Kf6 70. d7 h4 71. Kg4 h3 72. Kxh3 1-0

[Event "Titled Tuesday intern op 01st Apr Late"]
[Site "Chess.com INT"]
[Date "2025.04.01"]
[Round "1"]
[White "Akkara, Omer"]
[Black "Naroditsky, Daniel"]
[Result "0-1"]
[WhiteElo "2132"]
[BlackElo "2619"]
[PlyCount "84"]
[EventDate "2025.04.01"]
[EventType "swiss (blitz)"]
[EventRounds "11"]
[EventCountry "USA"]
[SourceTitle "CB15_2025"]
[SourceDate "2025.04.09"]
[SourceVersion "1"]
[SourceVersionDate "2025.04.09"]
[SourceQuality "1"]

1. e4 c6 2. d4 d5 3. exd5 cxd5 4. Nf3 Nc6 5. Bb5 Qa5+ 6. Nc3 Bg4 7. 0-0 Rc8 8. h3 Bxf3 9. Qxf3 e6 10. a3 Nf6 11. Bxc6+ Rxc6 12. Bd2 Qb6 13. Qd3 Be7 14. Rab1 0-0 15. Ne2 Ne4 16. f3 Nd6 17. Bb4 a5 18. Bc5 Qc7 19. Bxd6 Bxd6 20. c3 Rb8 21. f4 f5 22. Qe3 Qd7 23. Rbe1 b5 24. Nc1 Re8 25. Nd3 b4 26. axb4 axb4 27. Rc1 bxc3 28. Rxc3 Rxc3 29. bxc3 Qc7 30. Ne5 Rc8 31. Nf3 Re8 32. Ne5 Bxe5 33. fxe5 Rc8 34. Rf3 h6 35. g4 fxg4 36. hxg4 Qe7 37. Qf4 Rf8 38. Qg3 Ra8 39. Qf4 Kh8 40. Kg2 Qh4 41. Rf2 Ra1 42. Qg3 Qh1# 0-1

[Event "Titled Tuesday intern op 01st Apr Late"]
[Site "Chess.com INT"]
[Date "2025.04.01"]
[Round "4"]
[White "Golsefidy, Sepehr"]
[Black "Naroditsky, Daniel"]
[Result "1-0"]
[WhiteElo "2080"]
[BlackElo "2619"]
[PlyCount "127"]
[EventDate "2025.04.01"]
[EventType "swiss (blitz)"]
[EventRounds "11"]
[EventCountry "USA"]
[SourceTitle "CB15_2025"]
[SourceDate "2025.04.09"]
[SourceVersion "1"]
[SourceVersionDate "2025.04.09"]
[SourceQuality "1"]

1. d4 a5 2. e4 Ra6 3. Bxa6 Nxa6 4. Nf3 b6 5. 0-0 Bb7 6. Re1 e6 7. c4 g6 8. Nc3 Bg7 9. e5 Qa8 10. a3 f6 11. d5 fxe5 12. dxe6 dxe6 13. Nxe5 Nf6 14. Bg5 0-0 15. Bxf6 Rxf6 16. Nd7 Rf7 17. Ne5 Rf5 18. Qd7 Nc5 19. Qxc7 Bxg2 20. Rad1 Rf8 21. Nd5 exd5 22. Kxg2 d4+ 23. Qc6 Qxc6+ 24. Nxc6 d3 25. b4 axb4 26. axb4 d2 27. Re7 Nb3 28. Re3 Nc1 29. Rf3 Bh6 30. Rxf8+ Kxf8 31. c5 bxc5 32. b5 Nb3 33. b6 Bf4 34. Kf3 Bd6 35. Ke4 Ke8 36. Kd5 Kd7 37. b7 c4 38. b8Q Bxb8 39. Nxb8+ Kc7 40. Kxc4 Na5+ 41. Kb4 Nb7 42. Na6+ Kb6 43. Rxd2 Kc6 44. Kc4 Nd6+ 45. Kd4 Nf7 46. Ke4 Ng5+ 47. Kf4 Ne6+ 48. Kg4 Ng7 49. Nb4+ Kc5 50. Nd5 Nf5 51. Nf6 h6 52. h4 Ng7 53. h5 g5 54. Rd7 Ne6 55. Rh7 Kd6 56. Rxh6 Ke7 57. Ne4 Kf8 58. Rxe6 Kg7 59. Nxg5 Kf8 60. Kf5 Kg7 61. Re7+ Kh8 62. h6 Kg8 63. Kg6 Kh8 64. Re8# 1-0

[Event "Titled Tuesday intern op 01st Apr Late"]
[Site "Chess.com INT"]
[Date "2025.04.01"]
[Round "6"]
[White "Makhija, Aashna"]
[Black "Naroditsky, Daniel"]
[Result "0-1"]
[WhiteElo "2046"]
[BlackElo "2619"]
[PlyCount "68"]
[EventDate "2025.04.01"]
[EventType "swiss (blitz)"]
[EventRounds "11"]
[EventCountry "USA"]
[SourceTitle "CB15_2025"]
[SourceDate "2025.04.09"]
[SourceVersion "1"]
[SourceVersionDate "2025.04.09"]
[SourceQuality "1"]

1. e4 c6 2. d4 d5 3. Nd2 dxe4 4. Nxe4 h5 5. h3 h4 6. Nf3 g6 7. Bd3 Bg7 8. c3 Rh5 9. Be3 Qa5 10. Qb3 Nd7 11. Qb4 Qc7 12. 0-0-0 a5 13. Qa3 b5 14. b3 Bb7 15. Rhe1 Bf8 16. Qb2 e6 17. c4 a4 18. cxb5 axb3 19. axb3 Ba3 20. Kb1 Bxb2 21. Kxb2 cxb5 22. Rc1 Qb8 23. Ra1 Rxa1 24. Rxa1 Ngf6 25. Nxf6+ Nxf6 26. Bxb5+ Kf8 27. Bd3 Bd5 28. Bc2 Bxb3 29. Bxb3 Rb5 30. Nd2 Ne4 31. Nxe4 Rxb3+ 32. Kc2 Rb2+ 33. Kc1 Qb3 34. Nd2 Qc2# 0-1

[Event "Titled Tuesday intern op 01st Apr Late"]
[Site "Chess.com INT"]
[Date "2025.04.01"]
[Round "7"]
[White "Naroditsky, Daniel"]
[Black "Alvarado, Carlos"]
[Result "1-0"]
[WhiteElo "2619"]
[BlackElo "2032"]
[PlyCount "53"]
[EventDate "2025.04.01"]
[EventType "swiss (blitz)"]
[EventRounds "11"]
[EventCountry "USA"]
[SourceTitle "CB15_2025"]
[SourceDate "2025.04.09"]
[SourceVersion "1"]
[SourceVersionDate "2025.04.09"]
[SourceQuality "1"]

1. e4 c6 2. d4 d5 3. f3 e6 4. Nc3 Ne7 5. Bd3 Nd7 6. Nge2 b5 7. a3 a5 8. 0-0 Rb8 9. Nf4 b4 10. axb4 axb4 11. Nce2 Ng6 12. Nxg6 hxg6 13. Bf4 e5 14. dxe5 g5 15. Bg3 Nc5 16. exd5 Qxd5 17. e6 Bd6 18. exf7+ Kf8 19. Bxd6+ Qxd6 20. Bc4 Qxh2+ 21. Kf2 Bh3 22. Rg1 Rh4 23. Bd3 g4 24. Ng3 Rd8 25. Bg6 Ne6 26. Ra8 Qxg1+ 27. Kxg1 1-0

[Event "Titled Tuesday intern op 01st Apr Late"]
[Site "Chess.com INT"]
[Date "2025.04.01"]
[Round "2"]
[White "Naroditsky, Daniel"]
[Black "Atakishiyev, Elmar"]
[Result "1/2-1/2"]
[WhiteElo "2619"]
[BlackElo "2380"]
[PlyCount "106"]
[EventDate "2025.04.01"]
[EventType "swiss (blitz)"]
[EventRounds "11"]
[EventCountry "USA"]
[SourceTitle "CB15_2025"]
[SourceDate "2025.04.09"]
[SourceVersion "1"]
[SourceVersionDate "2025.04.09"]
[SourceQuality "1"]

1. d4 Nf6 2. Nc3 d5 3. Bf4 h6 4. e3 c6 5. Nf3 Bf5 6. Bd3 Bxd3 7. cxd3 Nbd7 8. 0-0 e6 9. e4 Be7 10. e5 Nh7 11. Qb3 Qb6 12. Qc2 Nhf8 13. h4 Ng6 14. Bg3 h5 15. Rab1 Qd8 16. b4 Nxh4 17. Nxh4 Bxh4 18. Bh2 b5 19. Nd1 Be7 20. Qxc6 0-0 21. Qxb5 Rb8 22. Qa4 Nb6 23. Qc2 Rc8 24. Qe2 g6 25. Ne3 Na4 26. Rb3 Qb6 27. Nc2 Nc3 28. Qd2 Nb5 29. Bf4 Rxc2 30. Qxc2 Nxd4 31. Qd1 Nxb3 32. Qxb3 Qxb4 33. Qxb4 Bxb4 34. Be3 a5 35. Rc1 Rb8 36. Kf1 a4 37. Rc6 a3 38. Bg5 Bf8 39. g3 Bg7 40. d4 Rb2 41. Rc8+ Kh7 42. Rc7 Kg8 43. Rc8+ Kh7 44. Rc7 Rxa2 45. Rxf7 Rb2 46. Ra7 a2 47. Kg2 Kg8 48. Ra8+ Kf7 49. Ra7+ Ke8 50. Re7+ Kf8 51. Ra7 Ke8 52. Re7+ Kf8 53. Ra7 Ke8 1/2-1/2

[Event "Titled Tuesday intern op 01st Apr Late"]
[Site "Chess.com INT"]
[Date "2025.04.01"]
[Round "5"]
[White "Naroditsky, Daniel"]
[Black "Robert, Yoann"]
[Result "0-1"]
[WhiteElo "2619"]
[BlackElo "2197"]
[PlyCount "88"]
[EventDate "2025.04.01"]
[EventType "swiss (blitz)"]
[EventRounds "11"]
[EventCountry "USA"]
[SourceTitle "CB15_2025"]
[SourceDate "2025.04.09"]
[SourceVersion "1"]
[SourceVersionDate "2025.04.09"]
[SourceQuality "1"]

1. e4 c5 2. c3 Qa5 3. Nf3 Nc6 4. Na3 e6 5. g3 Nf6 6. e5 Nd5 7. Bg2 Qc7 8. Nc4 b5 9. Nd6+ Bxd6 10. exd6 Qxd6 11. 0-0 0-0 12. d4 c4 13. Re1 Bb7 14. Ng5 f5 15. Qh5 h6 16. Nh3 a5 17. Nf4 Nce7 18. Ne2 Rab8 19. Nf4 b4 20. Bd2 Bc6 21. Ne2 bxc3 22. bxc3 Rb2 23. Rad1 Rxa2 24. Nf4 a4 25. Ng6 Nxg6 26. Qxg6 Rf6 27. Qe8+ Rf8 28. Qg6 Rf6 29. Qh5 a3 30. Qh4 Rb2 31. Qh5 a2 32. Be3 Nxc3 33. Ra1 Bxg2 34. Kxg2 Rb1 35. Rxa2 Rxe1 36. Ra8+ Rf8 37. Ra5 Qc6+ 38. Kh3 Rxe3 39. fxe3 Nd5 40. Rc5 Qa6 41. Qe2 Qa3 42. Qxc4 Qxe3 43. Qa4 Nf4+ 44. Kh4 g5# 0-1

[Event "Titled Tuesday intern op 11th Mar Early"]
[Site "Chess.com INT"]
[Date "2025.03.11"]
[Round "8"]
[White "Atakhan, Abtin"]
[Black "Naroditsky, Daniel"]
[Result "0-1"]
[WhiteElo "2416"]
[BlackElo "2619"]
[PlyCount "56"]
[EventDate "2025.03.11"]
[EventType "swiss (blitz)"]
[EventRounds "11"]
[EventCountry "USA"]
[SourceTitle "CB12_2025"]
[SourceDate "2025.03.19"]
[SourceVersion "1"]
[SourceVersionDate "2025.03.19"]
[SourceQuality "1"]

1. d4 Nf6 2. c4 g6 3. Nc3 Bg7 4. e4 d6 5. Be2 0-0 6. Nf3 Na6 7. 0-0 e5 8. Be3 Qe7 9. d5 Ng4 10. Bg5 f6 11. Bh4 g5 12. Bg3 f5 13. exf5 Bxf5 14. Nd2 Nf6 15. a3 e4 16. Rc1 h5 17. Bxh5 e3 18. fxe3 Nxh5 19. Qxh5 Qxe3+ 20. Rf2 Nc5 21. Kh1 Nd3 22. Re2 Qd4 23. Nf3 Bg4 24. Nxd4 Bxh5 25. Rb1 Bxd4 26. Rd2 Nf2+ 27. Kg1 Bxc3 28. bxc3 Ne4 0-1

[Event "Titled Tuesday intern op 11th Mar Late"]
[Site "Chess.com INT"]
[Date "2025.03.11"]
[Round "7"]
[White "Boyer, Mahel"]
[Black "Naroditsky, Daniel"]
[Result "0-1"]
[WhiteElo "2529"]
[BlackElo "2619"]
[PlyCount "104"]
[EventDate "2025.03.11"]
[EventType "swiss (blitz)"]
[EventRounds "11"]
[EventCountry "USA"]
[SourceTitle "CB12_2025"]
[SourceDate "2025.03.19"]
[SourceVersion "1"]
[SourceVersionDate "2025.03.19"]
[SourceQuality "1"]

1. Nf3 Nf6 2. b3 g6 3. Bb2 Bg7 4. g3 0-0 5. Bg2 d6 6. d4 c5 7. c4 Qa5+ 8. Qd2 Qxd2+ 9. Nbxd2 Nc6 10. 0-0 cxd4 11. Nxd4 Bd7 12. Rac1 Rfc8 13. Rfd1 a5 14. a4 Nxd4 15. Bxd4 Bc6 16. Nb1 Nd7 17. Bxg7 Kxg7 18. Bh3 f5 19. Nc3 Nc5 20. Rb1 Ne4 21. Nxe4 Bxe4 22. Rbc1 Rc5 23. Bg2 Bc6 24. f4 Bxg2 25. Kxg2 Ra6 26. Rc3 Kf7 27. Kf3 Rb6 28. e4 e6 29. Rcd3 Ke7 30. exf5 gxf5 31. Re1 e5 32. g4 e4+ 33. Kg3 d5 34. gxf5 Kf6 35. Rxd5 Rxb3+ 36. Kg4 h5+ 37. Kxh5 Rxd5 38. cxd5 Kxf5 39. h4 Rd3 40. Rb1 e3 41. Rxb7 Rxd5 42. Kh6 e2 43. Re7 Rd6+ 44. Kg7 Re6 45. Rf7+ Ke4 46. f5 Re5 47. f6 e1Q 48. Re7 Qg3+ 49. Kf7 Qxh4 50. Kg8 Qxf6 51. Rf7 Re8+ 52. Kh7 Rh8# 0-1

[Event "Titled Tuesday intern op 11th Mar Early"]
[Site "Chess.com INT"]
[Date "2025.03.11"]
[Round "3"]
[White "Donchenko, Alexander"]
[Black "Naroditsky, Daniel"]
[Result "0-1"]
[WhiteElo "2627"]
[BlackElo "2619"]
[PlyCount "72"]
[EventDate "2025.03.11"]
[EventType "swiss (blitz)"]
[EventRounds "11"]
[EventCountry "USA"]
[SourceTitle "CB12_2025"]
[SourceDate "2025.03.19"]
[SourceVersion "1"]
[SourceVersionDate "2025.03.19"]
[SourceQuality "1"]

1. Nf3 Nf6 2. g3 g6 3. Bg2 Bg7 4. 0-0 0-0 5. b3 d6 6. d4 e5 7. dxe5 dxe5 8. Ba3 e4 9. Bxf8 Qxf8 10. Nd4 e3 11. f3 h5 12. c3 h4 13. Qc1 hxg3 14. hxg3 Nh5 15. Qxe3 Nxg3 16. Rd1 Nc6 17. Qf2 Nxd4 18. cxd4 Nf5 19. Nc3 c5 20. e3 cxd4 21. exd4 Qb4 22. Ne2 Bd7 23. Rac1 Re8 24. Rc4 Qd6 25. Nc3 Qf4 26. Nd5 Qd6 27. f4 Bc6 28. Rc5 Nxd4 29. b4 Re2 30. Qh4 Rxg2+ 31. Kxg2 Bxd5+ 32. Kf2 Bc6 33. Re1 Nf5 34. Qg4 Qd2+ 35. Qe2 Bd4+ 36. Kf1 Qxf4+ 0-1

[Event "Titled Tuesday intern op 11th Mar Early"]
[Site "Chess.com INT"]
[Date "2025.03.11"]
[Round "1"]
[White "Guerra Tulcan, Lenin"]
[Black "Naroditsky, Daniel"]
[Result "0-1"]
[WhiteElo "2310"]
[BlackElo "2619"]
[PlyCount "96"]
[EventDate "2025.03.11"]
[EventType "swiss (blitz)"]
[EventRounds "11"]
[EventCountry "USA"]
[SourceTitle "CB12_2025"]
[SourceDate "2025.03.19"]
[SourceVersion "1"]
[SourceVersionDate "2025.03.19"]
[SourceQuality "1"]

1. e4 c5 2. Nf3 g6 3. c3 d5 4. exd5 Qxd5 5. d4 Bg7 6. Be2 Nf6 7. 0-0 0-0 8. dxc5 Qxc5 9. Be3 Qc7 10. h3 b6 11. Na3 Bb7 12. Nb5 Qc8 13. Qa4 a6 14. Na3 b5 15. Qh4 Nbd7 16. Bh6 Qc7 17. Bxg7 Kxg7 18. c4 b4 19. Nc2 a5 20. b3 Nc5 21. Ne3 Nce4 22. Ng5 Nxg5 23. Qxg5 e6 24. Ng4 Ng8 25. Qe5+ Qxe5 26. Nxe5 Rfd8 27. Rfd1 Nf6 28. f3 Rdc8 29. Nd7 Nxd7 30. Rxd7 Bc6 31. Rd6 a4 32. Rb1 axb3 33. axb3 Ra2 34. Kf2 Kf6 35. Ke3 Ke7 36. Rd2 Ra3 37. Bd1 e5 38. Rbb2 f5 39. g3 g5 40. f4 exf4+ 41. gxf4 h6 42. fxg5 hxg5 43. Kd4 Be4 44. Ra2 Rxa2 45. Rxa2 Rd8+ 46. Ke5 Rxd1 47. Ra7+ Rd7 48. Ra6 Bc2 0-1

[Event "Titled Tuesday intern op 11th Mar Early"]
[Site "Chess.com INT"]
[Date "2025.03.11"]
[Round "11"]
[White "Naroditsky, Daniel"]
[Black "Iniyan, Panneerseluam"]
[Result "1-0"]
[WhiteElo "2619"]
[BlackElo "2567"]
[PlyCount "43"]
[EventDate "2025.03.11"]
[EventType "swiss (blitz)"]
[EventRounds "11"]
[EventCountry "USA"]
[SourceTitle "CB12_2025"]
[SourceDate "2025.03.19"]
[SourceVersion "1"]
[SourceVersionDate "2025.03.19"]
[SourceQuality "1"]

1. e4 d6 2. d4 e5 3. Nf3 Nd7 4. Bc4 Be7 5. dxe5 Nxe5 6. Nxe5 dxe5 7. Qh5 g6 8. Qxe5 Nf6 9. Bh6 Rg8 10. Nc3 Ng4 11. Qf4 Nxh6 12. Qxh6 Bg5 13. Qxh7 Qd2+ 14. Kf1 Rf8 15. Rd1 Qxc2 16. Bb3 Qxb2 17. Qg7 c6 18. Qe5+ Be7 19. h4 Be6 20. Rh3 Bxh3 21. gxh3 Qa3 22. Nb5 1-0

[Event "Titled Tuesday intern op 11th Mar Early"]
[Site "Chess.com INT"]
[Date "2025.03.11"]
[Round "4"]
[White "Naroditsky, Daniel"]
[Black "Shankland, Samuel L"]
[Result "0-1"]
[WhiteElo "2619"]
[BlackElo "2670"]
[PlyCount "42"]
[EventDate "2025.03.11"]
[EventType "swiss (blitz)"]
[EventRounds "11"]
[EventCountry "USA"]
[SourceTitle "CB12_2025"]
[SourceDate "2025.03.19"]
[SourceVersion "1"]
[SourceVersionDate "2025.03.19"]
[SourceQuality "1"]

1. Nf3 d5 2. b3 Bf5 3. Bb2 e6 4. d3 Nf6 5. Nbd2 Be7 6. e4 dxe4 7. dxe4 Nxe4 8. Nxe4 Qxd1+ 9. Rxd1 Bxe4 10. Bxg7 Rg8 11. Be5 Nc6 12. Bxc7 Bb4+ 13. Nd2 Rc8 14. Bf4 Nd4 15. c4 Rd8 16. a3 Nc2+ 17. Ke2 Bd3+ 18. Kf3 Nd4+ 19. Ke3 Nf5+ 20. Kf3 Nh4+ 21. Ke3 Bc5# 0-1